Normal view
MARC view
Entry Uniform Title
001 - CONTROL NUMBER
- control field: 51476
003 - CONTROL NUMBER IDENTIFIER
- control field: dpl
005 - DATE AND TIME OF LATEST TRANSACTION
- control field: 20120824152127.0
008 - FIXED-LENGTH DATA ELEMENTS
- fixed length control field: 120824|||a|||||| | ||| d
040 ## - CATALOGING SOURCE
- Original cataloging agency: dpl
- Transcribing agency: dpl
130 ## - HEADING--UNIFORM TITLE
- Uniform title: Modern Classics
670 ## - SOURCE DATA FOUND
- Source citation: Work cat.: (dpl)61138: Tagore, Rabindranath 51475, Home and the world:, 2005
670 ## - SOURCE DATA FOUND
- Source citation: Work cat.: (dpl)61138: Tagore, Rabindranath 51475, Home and the world:, 2005
